[Event "WchT Seniors 65"]
[Site "Prague"]
[Date "2020.03.11"]
[Round "6.4"]
[White "Walther, Hans Wolfgang"]
[Black "Malmdin, Nils Ake"]
[Result "0-1"]
[WhiteElo "2111"]
[BlackElo "2168"]
[PlyCount "66"]
[EventDate "2020.03.06"]
[EventType "team-swiss"]
[EventRounds "7"]
[EventCountry "CZE"]
[SourceTitle "CBM 195 Extra"]
[Source "ChessBase"]
[SourceDate "2020.05.31"]
[SourceVersion "1"]
[SourceVersionDate "2020.05.31"]
[SourceQuality "1"]
[WhiteTeam "Germany 65 VII"]
[BlackTeam "Sweden 65"]
[WhiteTeamCountry "GER"]
[BlackTeamCountry "SWE"]

1. d4 Nf6 2. c4 e6 3. Nc3 Bb4 4. e3 0-0 5. Bd3 c5 6. a3 Bxc3+ 7. bxc3 Nc6 8. Nf3 d6 9. e4 e5 10. d5 Ne7 11. 0-0 Ne8 12. Ne1 f5 13. exf5 Bxf5 14. f4 e4 15. Be2 h6 16. g4 Bh7 17. Ng2 Ng6 18. Qe1 Nc7 19. a4 a6 20. h4 Re8 21. g5 hxg5 22. hxg5 Ne7 23. Nh4 Qd7 24. Kg2 e3 25. Kg3 Bf5 26. Bxe3 Nexd5 27. Nxf5 Qxf5 28. Bd2 Ne3 29. Rf2 Nc2 30. Qh1 Nxa1 31. Rh2 Rxe2 32. Rh8+ Kf7 33. Qh5+ Qg6 0-1

[Event "GER-chT Betriebe 16th"]
[Site "Dresden"]
[Date "2016.11.05"]
[Round "4.1"]
[White "Walther, Hans Wolfgang"]
[Black "Meyer, Jens Uwe"]
[Result "1-0"]
[WhiteElo "2033"]
[BlackElo "2063"]
[PlyCount "127"]
[EventDate "2016.11.03"]
[EventType "team-swiss"]
[EventRounds "7"]
[EventCountry "GER"]
[SourceTitle "EXT 2020"]
[Source "ChessBase"]
[SourceDate "2019.10.17"]
[SourceVersion "1"]
[SourceVersionDate "2019.10.17"]
[SourceQuality "1"]
[WhiteTeam "Berlin Deutsche Bahn/BSW II"]
[BlackTeam "Ludwigsfelde Stern"]
[WhiteTeamCountry "GER"]
[BlackTeamCountry "GER"]

1. d4 f5 2. Bg5 g6 3. h4 h6 4. Bf4 Bg7 5. e3 Nf6 6. Nf3 d6 7. c4 0-0 8. Nc3 c6 9. Bd3 Qe8 10. Qd2 Nh5 11. Bh2 e5 12. Be2 e4 13. Ng1 Qe6 14. Bxh5 gxh5 15. b3 Bd7 16. Nge2 Na6 17. Rd1 Nb4 18. Nf4 Qf7 19. Nxe4 fxe4 20. Qxb4 Bg4 21. Rc1 c5 22. dxc5 dxc5 23. Qxc5 Bb2 24. Rc2 Rad8 25. 0-0 b6 26. Qc6 Bg7 27. Nd5 Rc8 28. Qa4 Rfd8 29. Rfc1 Bf8 30. b4 Qg7 31. Bg3 Bd6 32. Bxd6 Rxd6 33. Qb3 Bf3 34. g3 Qg4 35. c5 Kf8 36. Nf4 Rf6 37. cxb6 Rxc2 38. Qxc2 axb6 39. Qc8+ Qxc8 40. Rxc8+ Kf7 41. Rc7+ Ke8 42. Rc1 Kd7 43. Ng2 Rd6 44. Ne1 Rd1 45. Rxd1+ Bxd1 46. f3 exf3 47. Kf2 Kc6 48. Nd3 Kb5 49. a3 Bc2 50. Ne1 Be4 51. Nxf3 Ka4 52. Nd2 Bd3 53. e4 Kxa3 54. Ke3 Bb5 55. e5 Kxb4 56. Kd4 Bc6 57. e6 b5 58. e7 Be8 59. Ne4 Ka3 60. Nd6 Bd7 61. e8Q Bxe8 62. Nxe8 b4 63. Nd6 b3 64. Kc3 1-0

[Event "GER-chT Betriebe 16th"]
[Site "Dresden"]
[Date "2016.11.03"]
[Round "1.1"]
[White "Stanetzek, Carsten"]
[Black "Walther, Hans Wolfgang"]
[Result "0-1"]
[WhiteElo "2233"]
[BlackElo "2033"]
[PlyCount "59"]
[EventDate "2016.11.03"]
[EventType "team-swiss"]
[EventRounds "7"]
[EventCountry "GER"]
[SourceTitle "EXT 2020"]
[Source "ChessBase"]
[SourceDate "2019.10.17"]
[SourceVersion "1"]
[SourceVersionDate "2019.10.17"]
[SourceQuality "1"]
[WhiteTeam "Bonn Deutsche Post"]
[BlackTeam "Berlin Deutsche Bahn/BSW II"]
[WhiteTeamCountry "GER"]
[BlackTeamCountry "GER"]

1. e4 e5 2. Nf3 Nc6 3. Bc4 Bc5 4. 0-0 d6 5. c3 Qe7 6. d4 Bb6 7. h3 Nf6 8. d5 Nb8 9. Bd3 0-0 10. Nbd2 c6 11. c4 Nh5 12. Re1 Nf4 13. Bf1 f5 14. exf5 Bxf5 15. Ne4 cxd5 16. Neg5 Bg6 17. Bxf4 Rxf4 18. Qxd5+ Kh8 19. Rad1 Rf6 20. b4 Nc6 21. a3 Raf8 22. c5 dxc5 23. Nxe5 Nxe5 24. Rxe5 Qd8 25. bxc5 Bc7 26. Qxd8 Rxd8 27. Rxd8+ Bxd8 28. Ne6 Be7 29. f3 Rf5 30. Re1 0-1

[Event "Rail 4 countries 21st"]
[Site "Litice"]
[Date "2005.06.17"]
[Round "1.3"]
[White "Cudnik, Andrzej"]
[Black "Walther, Hans Wolfgang"]
[Result "1/2-1/2"]
[WhiteElo "2115"]
[BlackElo "2164"]
[PlyCount "45"]
[EventDate "2005.06.17"]
[EventType "team-tourn"]
[EventRounds "3"]
[EventCountry "CZE"]
[SourceTitle "EXT 2007"]
[Source "ChessBase"]
[SourceDate "2006.11.23"]
[SourceVersion "1"]
[SourceVersionDate "2006.11.23"]
[SourceQuality "1"]

1. e4 e5 2. Bc4 Nc6 3. c3 Nf6 4. Qe2 Be7 5. d3 0-0 6. f4 d6 7. Nf3 exf4 8. Bxf4 d5 9. exd5 Nxd5 10. Bxd5 Qxd5 11. 0-0 Bf5 12. d4 Rfe8 13. Qf2 Bd6 14. Bxd6 cxd6 15. Nbd2 b5 16. b3 Bg4 17. Rae1 f6 18. h3 Bd7 19. Rxe8+ Rxe8 20. Re1 Rxe1+ 21. Qxe1 Qe6 22. Qxe6+ Bxe6 23. Ne4 1/2-1/2

[Event "Bamberg sim"]
[Site "Bamberg"]
[Date "2004.07.03"]
[Round "?"]
[White "Schmid, Lothar"]
[Black "Walther, Hans Wolfgang"]
[Result "0-1"]
[WhiteElo "2530"]
[BlackElo "2013"]
[PlyCount "103"]
[EventDate "2004.07.03"]
[EventType "simul"]
[EventRounds "1"]
[EventCountry "GER"]
[SourceTitle "EXT 2013"]
[Source "ChessBase"]
[SourceDate "2012.11.22"]
[SourceVersion "1"]
[SourceVersionDate "2012.11.22"]
[SourceQuality "1"]

1. e4 e5 2. Nf3 Nc6 3. Bb5 a6 4. Ba4 Nf6 5. 0-0 Nxe4 6. d4 b5 7. Bb3 d5 8. dxe5 Be6 9. c3 Be7 10. Be3 0-0 11. Nbd2 Nc5 12. Bc2 Qd7 13. b4 Nb7 14. Qe2 Bf5 15. Bb3 d4 16. Bxd4 Bxb4 17. Rad1 Be7 18. Ne4 Rad8 19. h3 Qc8 20. Rfe1 h6 21. Ng3 Bg6 22. e6 Nba5 23. exf7+ Bxf7 24. Bxf7+ Rxf7 25. a4 Nc4 26. axb5 axb5 27. Rb1 Nxd4 28. Nxd4 c6 29. Qe4 Nd2 30. Qxc6 Nxb1 31. Rxb1 Bc5 32. Qxc8 Rxc8 33. Rxb5 Bxd4 34. cxd4 Rc1+ 35. Kh2 Rxf2 36. Ne4 Re2 37. Re5 Rce1 38. Nd2 Rxe5 39. dxe5 Rxe5 40. Nf3 Re2 41. Kg3 Kf7 42. Nd4 Ra2 43. Kf3 Ra4 44. Ne2 g5 45. Ng3 Kg6 46. Ne4 h5 47. Ng3 Ra3+ 48. Kf2 h4 49. Ne4 Kf5 50. Nd2 Ra2 51. Ke3 Ra3+ 52. Kf2 0-1

[Event "Oberliga Ost-A 0203"]
[Site "Germany"]
[Date "2002.11.16"]
[Round "2.1"]
[White "Broemel, Richard"]
[Black "Walther, Hans Wolfgang"]
[Result "1/2-1/2"]
[WhiteElo "2198"]
[BlackElo "2204"]
[PlyCount "105"]
[EventDate "2002.10.20"]
[EventType "team"]
[EventRounds "11"]
[EventCountry "GER"]
[SourceTitle "EXT 2004"]
[Source "ChessBase"]
[SourceDate "2003.11.25"]
[SourceVersion "1"]
[SourceVersionDate "2003.11.25"]
[SourceQuality "1"]
[WhiteTeam "Jena Glas"]
[BlackTeam "Dresden BSW"]
[WhiteTeamCountry "GER"]
[BlackTeamCountry "GER"]

1. d4 Nf6 2. Nf3 e6 3. Bf4 c5 4. e3 Qb6 5. Qc1 cxd4 6. exd4 Nc6 7. c3 d5 8. Bd3 Bd7 9. 0-0 Rc8 10. Bc2 Be7 11. Re1 0-0 12. Nbd2 Nh5 13. Be5 f6 14. Bg3 Nxg3 15. hxg3 Bd6 16. Qb1 h6 17. Nh4 Ne7 18. Bb3 Kh8 19. Ng6+ Nxg6 20. Qxg6 Be8 21. Qd3 Bf7 22. Bc2 Bg8 23. c4 Bb4 24. c5 Qc7 25. a3 Bxd2 26. Qxd2 e5 27. Bf5 Rce8 28. b4 exd4 29. Qxd4 Re5 30. Bd3 Rfe8 31. Rec1 a6 32. a4 Bh7 33. Bxh7 Kxh7 34. b5 axb5 35. axb5 Qd7 36. c6 bxc6 37. bxc6 Qd6 38. Qd3+ Kg8 39. c7 Rc8 40. Qb5 Kf7 41. Rc6 d4 42. Qc4+ Qd5 43. Rd1 Qxc4 44. Rxc4 Re7 45. Rdxd4 Rexc7 46. Rxc7+ Rxc7 47. g4 Ke6 48. f3 Rc5 49. Kf2 f5 50. gxf5+ Kxf5 51. g4+ Ke5 52. Rd7 Kf6 53. Kg3 1/2-1/2

[Event "Oberliga Ost-A 0102"]
[Site "Germany"]
[Date "2002.03.17"]
[Round "9.2"]
[White "Hoffmeyer, Falk"]
[Black "Walther, Hans Wolfgang"]
[Result "1-0"]
[WhiteElo "2225"]
[BlackElo "2232"]
[PlyCount "61"]
[EventDate "2001.10.07"]
[EventType "team"]
[EventRounds "11"]
[EventCountry "GER"]
[SourceTitle "EXT 2003"]
[Source "ChessBase"]
[SourceDate "2002.11.25"]
[SourceVersion "1"]
[SourceVersionDate "2002.11.25"]
[SourceQuality "1"]
[WhiteTeam "Magdeburg USC II"]
[BlackTeam "Dresden BSW"]
[WhiteTeamCountry "GER"]
[BlackTeamCountry "GER"]

1. d4 d5 2. Nf3 Nf6 3. e3 Bg4 4. Be2 Nbd7 5. Nbd2 e6 6. b3 Bb4 7. 0-0 0-0 8. Bb2 Ne4 9. Nxe4 dxe4 10. Nd2 Bxe2 11. Qxe2 Bxd2 12. Qxd2 f5 13. Qb4 Nb6 14. c4 a5 15. Qb5 c6 16. Qe5 Rf6 17. f3 Nd7 18. Qf4 Rg6 19. fxe4 Rg4 20. Qd6 Rxe4 21. d5 cxd5 22. cxd5 Nf8 23. Qg3 Rg4 24. Qf3 Qg5 25. Rac1 Re8 26. Rc2 Re4 27. Bd4 g6 28. Rc7 Re7 29. d6 Rd7 30. Rc8 Rxd6 31. Qxe4 1-0

[Event "Oberliga Ost-A 0102"]
[Site "Germany"]
[Date "2002.02.03"]
[Round "7.2"]
[White "Winterfeld, Dirk"]
[Black "Walther, Hans Wolfgang"]
[Result "0-1"]
[WhiteElo "2154"]
[BlackElo "2232"]
[PlyCount "106"]
[EventDate "2001.10.07"]
[EventType "team"]
[EventRounds "11"]
[EventCountry "GER"]
[SourceTitle "EXT 2003"]
[Source "ChessBase"]
[SourceDate "2002.11.25"]
[SourceVersion "1"]
[SourceVersionDate "2002.11.25"]
[SourceQuality "1"]
[WhiteTeam "Anhalt"]
[BlackTeam "Dresden BSW"]
[WhiteTeamCountry "GER"]
[BlackTeamCountry "GER"]

1. e4 e5 2. Nf3 Nc6 3. Bc4 Bc5 4. c3 Bb6 5. b4 d6 6. a4 a5 7. b5 Nb8 8. 0-0 Nf6 9. d3 Qe7 10. Be3 Nbd7 11. Bxb6 Nxb6 12. Bb3 0-0 13. Nbd2 Nh5 14. Nc4 Nxc4 15. Bxc4 Nf4 16. Qd2 Qf6 17. Ne1 g5 18. f3 Kg7 19. g3 Ng6 20. Ng2 Bh3 21. Rf2 Bxg2 22. Kxg2 b6 23. Rg1 h5 24. Kh1 Rh8 25. f4 exf4 26. gxf4 g4 27. e5 Qh4 28. d4 f5 29. exd6 cxd6 30. Re2 Rae8 31. Re6 Rxe6 32. Bxe6 Qh3 33. Bxf5 Qf3+ 34. Qg2 Qxg2+ 35. Rxg2 Nh4 36. Be6 Nxg2 37. Kxg2 Kf6 38. f5 Kg5 39. Kf2 h4 40. Kg2 Rf8 41. c4 Kf4 42. Kf2 Ke4 43. c5 dxc5 44. dxc5 bxc5 45. b6 Rb8 46. f6 g3+ 47. hxg3 hxg3+ 48. Kxg3 Ke5 49. Bd7 Kxf6 50. Kf4 Rxb6 51. Ke4 Rd6 52. Bb5 Rd4+ 53. Ke3 Ke5 0-1

[Event "Rail 4 countries 18th"]
[Site "Hergiswil"]
[Date "2001.06.08"]
[Round "1.2"]
[White "Walther, Hans Wolfgang"]
[Black "Agterberg, Jos"]
[Result "1-0"]
[WhiteElo "2232"]
[BlackElo "1872"]
[PlyCount "57"]
[EventDate "2001.06.08"]
[EventType "team-tourn"]
[EventRounds "3"]
[EventCountry "SUI"]
[SourceTitle "EXT 2004"]
[Source "ChessBase"]
[SourceDate "2003.11.25"]
[SourceVersion "1"]
[SourceVersionDate "2003.11.25"]
[SourceQuality "1"]

1. d4 d5 2. c4 e6 3. Nc3 c6 4. cxd5 exd5 5. Qc2 Nf6 6. Bg5 Be7 7. e3 Nbd7 8. Bd3 Nf8 9. Nge2 Bd7 10. 0-0 Qc8 11. f3 Ne6 12. Bh4 c5 13. Bxf6 Bxf6 14. Nxd5 Bd8 15. Rac1 cxd4 16. Qd2 Qb8 17. Nxd4 0-0 18. Bb1 Qd6 19. Nf5 Qb8 20. Qd3 Kh8 21. Nxg7 f5 22. Nxf5 Rf7 23. Qc3+ Ng7 24. Nh6 Rf8 25. Qb4 Bg5 26. Qe4 Nf5 27. Nxf5 Bxf5 28. Qd4+ Kg8 29. Rc7 1-0

[Event "Oberliga Ost-A 0001"]
[Site "Germany"]
[Date "2000.11.12"]
[Round "3.3"]
[White "Walther, Hans Wolfgang"]
[Black "Klawa, Patrick"]
[Result "0-1"]
[WhiteElo "2232"]
[BlackElo "2207"]
[PlyCount "114"]
[EventDate "2000.10.15"]
[EventType "team"]
[EventRounds "11"]
[EventCountry "GER"]
[SourceTitle "EXT 2002"]
[Source "ChessBase"]
[SourceDate "2001.11.25"]
[SourceVersion "1"]
[SourceVersionDate "2001.11.25"]
[SourceQuality "1"]
[WhiteTeam "Dresden BSW"]
[BlackTeam "TuS Coswig"]
[WhiteTeamCountry "GER"]
[BlackTeamCountry "GER"]

1. d4 f5 2. Bg5 c6 3. c4 h6 4. Bf4 Nf6 5. Nc3 d6 6. e4 fxe4 7. Nxe4 Bf5 8. Nxf6+ exf6 9. Bd3 Bxd3 10. Qxd3 Na6 11. Qg6+ Kd7 12. Qf5+ Kc7 13. 0-0-0 Rc8 14. Nf3 Qd7 15. Qa5+ Kb8 16. Rhe1 g5 17. Bd2 d5 18. c5 Bg7 19. h3 Rhe8 20. Ng1 f5 21. Bc3 Nc7 22. Qa4 Rxe1 23. Rxe1 Re8 24. Qd1 Re4 25. f3 Re6 26. Rxe6 Qxe6 27. Qe2 Kc8 28. Kc2 Kd7 29. Qd3 f4 30. Ne2 Ke7 31. Kd1 Kf7 32. Ba5 Ne8 33. Qb3 Qe7 34. Qd3 Qe6 35. Bd8 Qd7 36. Ba5 h5 37. h4 Bf6 38. Qh7+ Ng7 39. Bd2 gxh4 40. Bxf4 Qf5 41. Qxf5 Nxf5 42. Be5 Bxe5 43. dxe5 Ne3+ 44. Ke1 Nc4 45. b3 Nxe5 46. Nf4 Kf6 47. Ke2 Ng6 48. Nxh5+ Ke5 49. Kf2 Nf4 50. Ng7 d4 51. Ne8 Nd3+ 52. Ke2 Nxc5 53. b4 Ne6 54. Kf2 Nf4 55. a3 d3 56. Ke3 Nxg2+ 57. Kxd3 h3 0-1

[Event "EU-chT Railways USIC"]
[Site "Dresden"]
[Date "2000.06.21"]
[Round "2.1"]
[White "Daels, Marc"]
[Black "Walther, Hans Wolfgang"]
[Result "1-0"]
[WhiteElo "2207"]
[BlackElo "2232"]
[PlyCount "79"]
[EventDate "2000.06.19"]
[EventType "team-swiss"]
[EventRounds "7"]
[EventCountry "GER"]
[SourceTitle "EXT 2002"]
[Source "ChessBase"]
[SourceDate "2001.11.25"]
[SourceVersion "1"]
[SourceVersionDate "2001.11.25"]
[SourceQuality "1"]
[WhiteTeam "Belgium (USIC)"]
[BlackTeam "Germany (USIC)"]
[WhiteTeamCountry "BEL"]
[BlackTeamCountry "GER"]

1. e4 e5 2. Nf3 Nc6 3. Bb5 Nf6 4. 0-0 Nxe4 5. d4 Nd6 6. Bxc6 dxc6 7. dxe5 Nf5 8. Qxd8+ Kxd8 9. Nc3 h6 10. h3 g5 11. Rd1+ Ke8 12. Ne4 Be7 13. b3 Be6 14. Bb2 Rd8 15. g4 Ng7 16. Nf6+ Kf8 17. Rxd8+ Bxd8 18. Rd1 Be7 19. c4 Ne8 20. Nh5 Ng7 21. Nf6 Ne8 22. Nd4 Bc8 23. Nh5 Ng7 24. Nxg7 Kxg7 25. Nf5+ Kf8 26. e6 Rh7 27. Ba3 Bd6 28. e7+ Ke8 29. Bxd6 Bxf5 30. gxf5 cxd6 31. f6 d5 32. cxd5 c5 33. Rc1 b6 34. b4 Kd7 35. bxc5 bxc5 36. Rxc5 Rh8 37. Ra5 Kd6 38. Rxa7 Rc8 39. Kg2 Kxd5 40. Rd7+ 1-0

[Event "EU-chT Railways USIC"]
[Site "Dresden"]
[Date "2000.06.21"]
[Round "3.1"]
[White "Walther, Hans Wolfgang"]
[Black "Horak, Jiri"]
[Result "0-1"]
[WhiteElo "2232"]
[BlackElo "2263"]
[PlyCount "122"]
[EventDate "2000.06.19"]
[EventType "team-swiss"]
[EventRounds "7"]
[EventCountry "GER"]
[SourceTitle "EXT 2002"]
[Source "ChessBase"]
[SourceDate "2001.11.25"]
[SourceVersion "1"]
[SourceVersionDate "2001.11.25"]
[SourceQuality "1"]
[WhiteTeam "Germany (USIC)"]
[BlackTeam "Czech Republic (USIC)"]
[WhiteTeamCountry "GER"]
[BlackTeamCountry "CZE"]

1. e4 e5 2. Nf3 Nc6 3. Bb5 a6 4. Ba4 Nf6 5. 0-0 b5 6. Bb3 Be7 7. Re1 0-0 8. c3 d6 9. h3 Na5 10. Bc2 c5 11. d4 cxd4 12. cxd4 Nc6 13. a3 Bb7 14. Nbd2 exd4 15. Nb3 d3 16. Qxd3 Ne5 17. Qe2 Nxf3+ 18. Qxf3 Re8 19. Nd4 d5 20. e5 Ne4 21. Bf4 Bc5 22. Rad1 Qb6 23. Qd3 Rac8 24. Bb1 Bxd4 25. Qxd4 Qxd4 26. Rxd4 Nc5 27. Bg3 Ne6 28. Rd2 Rc4 29. Ba2 Rd4 30. Red1 Rxd2 31. Rxd2 Rd8 32. f3 d4 33. Bxe6 fxe6 34. Kf2 a5 35. b4 a4 36. Ke2 Bd5 37. Rxd4 Bxf3+ 38. Ke3 Rxd4 39. Kxd4 Bxg2 40. Kc5 Bf1 41. Kd6 Kf7 42. h4 Bc4 43. Kc5 Kg6 44. Kd4 Kf5 45. Ke3 Kg4 46. Be1 Bd5 47. Bf2 g5 48. hxg5 Kxg5 49. Bg3 Kg4 50. Kf2 h5 51. Bh2 h4 52. Bg1 Kf4 53. Bh2+ Ke4 54. Ke2 Bc4+ 55. Kf2 Kd3 56. Bf4 Kc2 57. Ke3 Kb2 58. Kd4 Kxa3 59. Kc3 Ka2 60. Kc2 Bd5 61. Bh2 Be4+ 0-1